MDQL
is popping MORE tags! Check the
thread
!
Quizzes
Events
Quiz Creation
Community
Videos
Private Events
Remove Ads
Sign In
Join for FREE
Feedback
Dark Mode
Quiz Categories
Sports
Geography
Music
Movies
Television
Just For Fun
Miscellaneous
History
Literature
Language
Science
Gaming
Entertainment
Religion
Holiday
For Kids
Quiz Lab
Recent
Popular Today
Quiz Kudos Today
Editor Picks
Curator Picks
Quizzes by...
Day
Popularity
Type
Ratings
Length
Year
Community
Subscriptions
Recent Discussions
Orange Saloon
Badges
Playlists
Quests
Create
Leaderboards
Showdown
Live 5
Trivia Bingo
Activity
Puzzle Library
Sporcle Events
Private Events
Virtual Trivia
Globe League
Become a Host
Pub Owners
SporcleCon
Opinionation
Our Games
Videos
Blog
Mobile Apps
Partnerships
Remove Ads and Go Orange
Feedback
Language
Vocabulary
Begins and Ends
Definition
Spanish
French
German
Italian
Chinese
Latin
Translation
Japanese
Language
Vocabulary
Begins and Ends
Definition
Spanish
French
German
Italian
Chinese
Latin
Translation
Japanese
Random Quiz
Search Sporcle
×
Quiz Lab
Quiz Lab
Language
French
Type in answers that appear in a list
Type in answers that appear in a list
Classic
Best Score? Go Orange.
French Media Vocab Stats
Can you name the French Media Vocab?
By
Hollyemily
10m
54 Questions
25 Plays
25 Plays
25 Plays
Comments
Comments
Give Quiz Kudos
Give Quiz Kudos
-
- Ratings
hide this ad
Replay
Link that replays current quiz
Next Quiz
Link to next quiz in quiz playlist
You Got
0%
They Got
Avg Score
48%
Avg Friend Score
Upgrade to see
Score Distribution
Jump to the score distribution portion of the page
Score
0/54
Timer
10:00
0
Plays Today
Hint
Answer
% Correct
To Turn Off
éteindre
88%
Television
le petit écran
84%
Channel
la chaîne
84%
Advert
la publicité
84%
To Turn On
allumer
84%
Programme
l'émission
80%
To Transmit
transmettre
80%
To Influence
influencer
76%
To Worry
inquiéter
76%
Event
l'événement
72%
To Switch Channels
zapper
72%
Presenter
le présenter
68%
Cartoon
le dessin animé
68%
Current
courant
68%
Live
en direct
68%
Tv Set
le téléviseur
64%
Viewer
le téléspectateur
64%
Radio Waves
les ondes
64%
Series
la série
64%
Digital(adj)
digital
64%
Listener
l'auditeur
60%
Suffering
la souffrance
60%
Announcer
le speaker
56%
Game Show
le jeu télévisé
56%
Decoder
le décodeur
52%
Report
le reportage
48%
Soap
le mélo
48%
Hint
Answer
% Correct
DVD Player
le lecture de DVD
48%
Remote Control
la télécommande
48%
News Item
les nouvelles
48%
Radio Set
le poste de radio
44%
News Bulletin
le bulletin
44%
Reality TV
la téléréalité
44%
DVD Burner
le graveur de DVD
40%
Headphones
les écouters
40%
Current Affairs
l'actualité
40%
Radio(adj)
radiophonique
40%
News Flash
le flash d'info
36%
Video Recorder
le magnétoscope
32%
By Subscription
à péage
32%
Fast Foward
en accéléré
32%
Announcer
la speakerine
28%
Aerial
l'antenne
24%
Schedule
la grille
24%
To Record
enregister
20%
To Connect
relier
20%
Broadcasting
la diffusion
16%
To Broadcast
diffuser
16%
Repeat
la reprise
12%
Transmitter
l'émetteur
8%
Serial
le feuilleton
8%
Ratings
l'audimat
8%
TV News
le téléjournal
4%
To Exert
exercer
4%
Quiz Playlist
Details
Report
Send in Message
Add To Playlist
Classic:
Type in answers that appear in a list
Last Updated: Feb 16, 2017
Quiz Scoreboard
CHALLENGE
Sign Up to Join the Scoreboard
Show All
Scores
Hide
Comments
May contain spoilers
Recently Published
Holiday 10x10 Sorting Gallery
by lukepisani3
Holiday
15m
Two Season TV Shows II
by 123Four
Television
10m
Image Sorting: Flags VI
by Barbecue
Geography
2m
More to Explore
Quiz From the Vault
Featured Blog Post
14 Easter Pick-up Lines to Find Eggs With
hide this ad
You Might Also Like...
Tags
French Quiz
Media
Today's Top Quizzes in Language
Browse Language
hide this ad
Today's Top Quizzes in French
Browse French
Top Contributed Quizzes in Language
1
What Word Starts All?
2
1-10 Letter F Words III
3
1-10 Letter G Words III
4
Weisst du, aus welchen Sprachen diese Wörter stammen?
5
1-10 Letter H Words III
6
Harry Potter book 6 chapters: English & Greek
7
Arabic Numerals
8
One Thing in Common: Italy
9
1-10 Letter I Words III
10
Celtic Nations in their Language
Explore More
Trending Topics
Marvel
Disney
Crossword
Kpop
Harry Potter
Anime
NBA
WWE
Country
NFL
Puzzle
Song
Soccer
Pokémon
The Office
hide this ad
More By:
Hollyemily
Quiz
Plays
Rating
Category
Featured
Created
French Environment Vocab
89
Language
Jun 2, 2015
French Immigration and racism Vocab
82
4.00
Language
May 26, 2015
French Nuclear Energy Vocab
52
Language
May 30, 2015
French Technology Vocab
46
5.00
Language
May 26, 2015
French Transport Voacb 2
35
5.00
Language
May 31, 2015
Go to Creator's Profile
Score Distribution
Quiz Creator Spotlight
Hollyemily
Follow
Send a Message
Quizzes Created
-
Created Quiz Play Count
-
More By This Creator
Popular Quizzes Today
1
Find the US States - No Outlines Minefield
2
Colored Red Africa Blitz
3
Find the 'City' Movie
4
The Countries of the World
5
5x2 Blitz: Bands
6
Find the Countries of Europe - No Outlines Minefield
7
Find the US States
8
US States
More Language Quizzes
Most Common 5-letter Combos
Quiz Lab
Trending Quizzes
Colored Red Europe Blitz I
Colored Red Europe Blitz II
Colored Red Africa Blitz II
Even More Two Season TV Shows
Colored Red Africa Blitz III
Recently Updated
Odd Team Out - Big 4 Players
pecheneg
Quick Pick: 20 Twenties
pecheneg
March Madness Men's Triple Doubles
pecheneg
How Do You Spell That?
pecheneg
Godzilla Movies
pecheneg
Grab Bag: 4-10 Letters
pecheneg
2024 March Madness Bracket
pecheneg
Famous TV Couples
Peacemaker
Champions League XIs: Real Madrid
pecheneg
Largest US Cities 1790-2010
pecheneg
Trending Topics
Crossword
NBA
Kpop
Marvel
Harry Potter
Disney
Anime
NFL
Puzzle
Country
The Office
Pokémon
Song
Soccer
WWE
Your Account Isn't Verified!
In order to create a playlist on Sporcle, you need to verify the email address you used during registration. Go to your
Sporcle Settings
to finish the process.
Report this User
Report this user for behavior that violates our
Community Guidelines
.
Details:
Send Report
Go to the Sporcle.com Mobile Site →
Comments